00382nam a2200157Ia 4500008004100000082002000041100002000061245002200081250000600103260002300109300000800132600002000140630002200160700002000182730002200202151018s9999 xx 000 0 und d bRBASDV6087a823 aMarganet Wylie achildern pf china b2 bDragon booksc1965 a202 aMarganet Wylie achildern pf china aMarganet Wylie achildern pf china